1357 1292 1919 1494 1199 1328 1805 1624 1275 1762 1973 1125 1482 1086 1096 1000 1997 1224 1933 1954 1231 1777 1791 1468 1545 1977 1783 1132 1515 1098 1798 1063 1391 1710 1005 1456 1946 1274 1634 1803 1972 1696 1880 1017 1048 1004 1215 1640 1356 1930 1012 1600 1619 1693 1616 1432 1274 1341 1957 1548 1475 1851 1621 1296 1839 1339 1613 1809 1813 1484 1998 1016 1044 1425 1715 1006 1527 1881 1347 1125 1403 1037 1404 1247 1347 1646 1648 1616 1018 1694 1015 1924 1556 1691 1981 1089 1281 1400 1972 BCNSPRNW ULIB Ver.6.0+V

เปลี่ยนเป็นภาษาไทย

Change to English
 แสดงรายละเอียดบรรณานุกรม
  กลับหน้าหลัก

Brief Record : Get Marc (ISO 2709) : E-mail record : QR code < ปิดหน้าต่าง
LEADER : 00000nam 2200000uu 4500
001    13399120370
003     ULIB
008    120918s2546||||th 000 0 tha d
020    ^a9746614029
060 04 ^aWY156.7^bพ263ก 2546
100 0  ^aพรรณนิภา ธรรมวิรัช
245 10 ^aการพยาบาลนรีเวช /^cพรรณนิภา ธรรมวิรัช ; บรรณาธิการ,ประอรนุช ตุลยาทร
250    ^aพิมพ์ครั้งที่ 4 (ฉบับปรับปรุง)
260    ^aกรุงเทพฯ :^bภาควิชาการพยาบาลสูติศาสตร์นรีเวชวิทยาคณะพยาบาลศาสตร์ มหาวิทยาลัยมหิดล,^c2546
300    ^a251 หน้า :^bภาพประกอบ;^c27 ซม.
650  7 ^aการพยาบาลนรีเวชวิทยา
700 0  ^aประอรนุช ตุลยาทร,^eบรรณาธิการ
710 2  ^aมหาวิทยาลัยมหิดล. ^bคณะพยาบาลศาสตร์.^bภาควิชาการพยาบาลสูติศาสตร์นรีเวชวิทยา
945    ^p180^l0^i24618
995    ^aวิภา
999 ^a ใช้งานได้ทุกระบบ
รายการนี้ยังไม่มีแท็ก
คุณยังไม่ได้ล็อกอิน คุณสามารถมีกิจกรรมร่วมกับเว็บไซต์ได้ แต่ต้องล็อกอินก่อน ::
  ล็อกอิน

รายการสื่อสารสนเทศ

ลำดับที่ ประเภท เลขเรียก/บาร์โค้ด สถานที่ สถานะ
1. วิทยาศาสตร์การแพทย์ และสุขภาพ
วิทยาศาสตร์การแพทย์ และสุขภาพ
WY156.7 พ263ก 2546  
  Barcode: 24618
ห้องสมุดวิทยาเขตสวรรค์ประชารักษ์
►หนังสือทั่วไป
ถูกยืม กำหนดส่งวันที่ 11 พฤษภาคม 2558
  จอง

รายการใกล้เคียง
    ผู้แต่ง [พรรณนิภา ธรรมวิรัช]

    หัวเรื่อง [การพยาบาลนรีเวชวิทยา]

BibComment


ยังไม่เคยถูกคอมเมนท์

คอมเมนท์ทรัพยากรรายการนี้
  คอมเมนท์: การพยาบาลนรีเวช ..


 Copyright 2026. Bcnsprnw @Library